| 000 | 005880000a22001810004500 | ||
|---|---|---|---|
| 003 | MACL | ||
| 005 | 20160520112354.0 | ||
| 008 | 160520b xxu||||| |||| 00| 0 eng d | ||
| 040 |
_aMACL _cMACL |
||
| 041 | _aHindi | ||
| 082 | _a891.433 | ||
| 100 |
_aशरत, सत्येन्द्र _958156 |
||
| 245 |
_aमजहब नहीं सिखाता _cसत्येन्द्र शरत |
||
| 260 |
_aदिल्ली _bरितिका प्रकाशन _c2011 |
||
| 350 | _a250 | ||
| 650 |
_aStories _958327 |
||
| 942 |
_cHIN _k891.433/SHA/S _2ddc |
||
| 999 |
_c46633 _d46633 |
||